[Event "Ceske Budejovice op-A"]
[Site "Ceske Budejovice"]
[Date "2020.07.09"]
[Round "9"]
[White "Rolinkova, Lucie"]
[Black "Zelba, Lukas"]
[Result "1-0"]
[WhiteElo "1748"]
[BlackElo "1762"]
[PlyCount "65"]
[EventDate "2020.07.01"]
[EventType "swiss"]
[EventRounds "9"]
[EventCountry "CZE"]
[SourceTitle "CBM 197 Extra"]
[Source "ChessBase"]
[SourceDate "2020.09.30"]
[SourceVersion "1"]
[SourceVersionDate "2020.09.30"]
[SourceQuality "1"]

1. d4 Nf6 2. Bf4 e6 3. Nf3 b6 4. e3 Bb7 5. Bd3 d6 6. 0-0 Nbd7 7. Re1 Qe7 8. e4 e5 9. Bg5 g6 10. Nc3 Bg7 11. Nd5 Bxd5 12. exd5 0-0 13. dxe5 dxe5 14. Qe2 Rfe8 15. Bb5 Qd6 16. Bc6 Rad8 17. Nd2 Rf8 18. Ne4 Nxe4 19. Bxd8 f5 20. f3 Nec5 21. Bh4 Nb8 22. b4 Nxc6 23. dxc6 Qd4+ 24. Bf2 Qxb4 25. Rab1 Qc3 26. Rec1 e4 27. Rd1 Ne6 28. fxe4 Qxc6 29. exf5 Rxf5 30. Re1 Kf7 31. Qe4 Qe8 32. Rb3 Qd7 33. Rd3 1-0

[Event "Ceske Budejovice op"]
[Site "Ceske Budejovice"]
[Date "2019.07.06"]
[Round "8"]
[White "Puncochar, Jiri"]
[Black "Rolinkova, Lucie"]
[Result "1-0"]
[WhiteElo "2014"]
[BlackElo "1703"]
[PlyCount "75"]
[EventDate "2019.06.29"]
[EventType "swiss"]
[EventRounds "9"]
[EventCountry "CZE"]
[SourceTitle "CBM 191 Extra"]
[Source "ChessBase"]
[SourceDate "2019.09.30"]
[SourceVersion "1"]
[SourceVersionDate "2019.09.30"]
[SourceQuality "1"]

1. e4 d5 2. exd5 Qxd5 3. Nc3 Qa5 4. Bc4 Nf6 5. d3 Bg4 6. f3 Bf5 7. Bd2 c6 8. Qe2 Nbd7 9. Nb5 Qb6 10. Nd6+ Kd8 11. Nxf5 Qxb2 12. Rd1 e6 13. Ng3 a5 14. d4 b5 15. Bd3 Qxa2 16. Ne4 Qa3 17. Nh3 h6 18. 0-0 Qe7 19. Nhf2 b4 20. Nxf6 Nxf6 21. Ne4 Nd5 22. Ra1 Qa7 23. Be3 e5 24. Bf2 exd4 25. Bc4 Ne3 26. Bxe3 dxe3 27. Kh1 Ke8 28. Rfd1 Rd8 29. Rxd8+ Kxd8 30. Rd1+ Ke8 31. f4 a4 32. Rd3 a3 33. Qxe3 Qxe3 34. Rxe3 f5 35. Nd6+ Kd7 36. Nxf5 Bd6 37. Rd3 g6 38. Nxd6 1-0

[Event "Ceske Budejovice op"]
[Site "Ceske Budejovice"]
[Date "2019.06.29"]
[Round "1"]
[White "Mulenko, Alexander"]
[Black "Rolinkova, Lucie"]
[Result "1-0"]
[WhiteElo "2075"]
[BlackElo "1703"]
[PlyCount "45"]
[EventDate "2019.06.29"]
[EventType "swiss"]
[EventRounds "9"]
[EventCountry "CZE"]
[SourceTitle "CBM 191 Extra"]
[Source "ChessBase"]
[SourceDate "2019.09.30"]
[SourceVersion "1"]
[SourceVersionDate "2019.09.30"]
[SourceQuality "1"]

1. Nf3 e6 2. g3 b6 3. Bg2 Bb7 4. 0-0 Nf6 5. c4 Be7 6. Nc3 0-0 7. Qc2 c5 8. e4 d6 9. d4 d5 10. exd5 exd5 11. Rd1 cxd4 12. Nxd4 Bb4 13. Nxd5 Nxd5 14. cxd5 Nd7 15. Nc6 Bxc6 16. dxc6 Qc7 17. Rxd7 Qe5 18. Bf4 Qe6 19. Qb3 Qxb3 20. axb3 a5 21. Rad1 Rfe8 22. c7 Ra7 23. Rd8 1-0

[Event "CZE-chT2C 1718"]
[Site "Czech Republic"]
[Date "2018.01.28"]
[Round "7.8"]
[White "Rolinkova, Lucie"]
[Black "Flek, Vladislav"]
[Result "0-1"]
[WhiteElo "1466"]
[BlackElo "1932"]
[PlyCount "76"]
[EventDate "2017.10.15"]
[EventType "team-tourn"]
[EventRounds "11"]
[EventCountry "CZE"]
[SourceTitle "EXT 2022"]
[Source "ChessBase"]
[SourceDate "2021.10.06"]
[SourceVersion "1"]
[SourceVersionDate "2021.10.06"]
[SourceQuality "1"]
[WhiteTeam "Ceske Budejovice"]
[BlackTeam "Pankrac II"]
[WhiteTeamCountry "CZE"]
[BlackTeamCountry "CZE"]

1. e4 c5 2. Nf3 d6 3. d4 cxd4 4. Nxd4 Nf6 5. Nc3 a6 6. Be2 e5 7. Nb3 Be6 8. 0-0 Be7 9. Be3 0-0 10. Kh1 Nbd7 11. f3 Qc7 12. Nd5 Nxd5 13. exd5 Bf5 14. Bd3 Bg6 15. Bxg6 hxg6 16. Qd3 Rac8 17. Rac1 b5 18. Nd2 Nc5 19. Bxc5 Qxc5 20. c4 bxc4 21. Nxc4 Qb5 22. b3 Rc5 23. Rfd1 Rfc8 24. Rb1 Qb7 25. Qd2 Qc7 26. Rbc1 Bd8 27. Qe3 Qd7 28. f4 f6 29. h3 a5 30. fxe5 dxe5 31. Nxe5 Rxc1 32. Rxc1 Rxc1+ 33. Qxc1 fxe5 34. Qc5 Bc7 35. a3 Qd6 36. b4 axb4 37. axb4 Kf7 38. Kg1 Bb6 0-1

[Event "CZE-chT2C 1718"]
[Site "Czech Republic"]
[Date "2017.12.03"]
[Round "4.8"]
[White "Mazanek, David"]
[Black "Rolinkova, Lucie"]
[Result "1-0"]
[WhiteElo "1897"]
[BlackElo "1466"]
[PlyCount "85"]
[EventDate "2017.10.15"]
[EventType "team-tourn"]
[EventRounds "11"]
[EventCountry "CZE"]
[SourceTitle "EXT 2022"]
[Source "ChessBase"]
[SourceDate "2021.10.06"]
[SourceVersion "1"]
[SourceVersionDate "2021.10.06"]
[SourceQuality "1"]
[WhiteTeam "Praha Eurovia"]
[BlackTeam "Ceske Budejovice"]
[WhiteTeamCountry "CZE"]
[BlackTeamCountry "CZE"]

1. e4 d5 2. exd5 Qxd5 3. d4 e5 4. dxe5 Qxe5+ 5. Qe2 Qxe2+ 6. Bxe2 Bf5 7. c3 Nc6 8. Nf3 0-0-0 9. 0-0 Bc5 10. b4 Bd6 11. Nbd2 Ne5 12. Nd4 Bd7 13. Ne4 Be7 14. Re1 Nc6 15. Nf3 Bf5 16. Neg5 Bxg5 17. Nxg5 Bg6 18. Bc4 Nh6 19. Bf4 Rhe8 20. h3 a6 21. a4 Rxe1+ 22. Rxe1 f6 23. Ne6 Re8 24. Kf1 Bf7 25. Bd5 Bxe6 26. Bxe6+ Kb8 27. Bd7 Rxe1+ 28. Kxe1 g5 29. Bxc6 bxc6 30. Be3 Nf5 31. Ke2 Kb7 32. Kd3 a5 33. Bd4 axb4 34. cxb4 Nxd4 35. Kxd4 Kb6 36. g4 c5+ 37. Kc4 cxb4 38. Kxb4 c5+ 39. Kc4 h6 40. a5+ Kc6 41. a6 Kb6 42. a7 Kxa7 43. Kxc5 1-0

[Event "CZE-chT U18 Extraliga West 1718"]
[Site "Czech Republic"]
[Date "2017.10.07"]
[Round "2.5"]
[White "Hejsek, Lukas"]
[Black "Rolinkova, Lucie"]
[Result "1-0"]
[WhiteElo "1638"]
[BlackElo "1515"]
[PlyCount "75"]
[EventDate "2017.10.07"]
[EventType "team-tourn"]
[EventRounds "11"]
[EventCountry "CZE"]
[SourceTitle "EXT 2023"]
[Source "ChessBase"]
[SourceDate "2022.10.05"]
[SourceVersion "1"]
[SourceVersionDate "2022.10.05"]
[SourceQuality "1"]
[WhiteTeam "Praha Bohemians (U18)"]
[BlackTeam "Ceske Budejovice (U18)"]
[WhiteTeamCountry "CZE"]
[BlackTeamCountry "CZE"]

1. b3 g6 2. Bb2 Nf6 3. Bxf6 exf6 4. d4 Bg7 5. Nf3 d5 6. e3 Bg4 7. Be2 0-0 8. 0-0 Nd7 9. Nbd2 Re8 10. c4 Nf8 11. Rc1 Rc8 12. h3 Be6 13. Re1 c5 14. cxd5 Qxd5 15. Bc4 Qd7 16. Qe2 Bxc4 17. Nxc4 Re6 18. Red1 b5 19. dxc5 Qe7 20. Nd6 Rb8 21. Nd4 Qc7 22. Nxe6 Nxe6 23. Nxb5 Qa5 24. Nd4 Nxd4 25. exd4 Bf8 26. Qd2 Qxd2 27. Rxd2 Bh6 28. Rcd1 Bxd2 29. Rxd2 Kf8 30. d5 Ke8 31. d6 Kd8 32. c6 Rc8 33. Rc2 a5 34. a3 Ra8 35. b4 axb4 36. axb4 Ra1+ 37. Kh2 Rb1 38. c7+ 1-0

[Event "CZE-chT U18 Extraliga West 1718"]
[Site "Czech Republic"]
[Date "2017.10.07"]
[Round "1.5"]
[White "Rolinkova, Lucie"]
[Black "Kusa, Jakub"]
[Result "0-1"]
[WhiteElo "1515"]
[BlackElo "1950"]
[PlyCount "90"]
[EventDate "2017.10.07"]
[EventType "team-tourn"]
[EventRounds "11"]
[EventCountry "CZE"]
[SourceTitle "EXT 2023"]
[Source "ChessBase"]
[SourceDate "2022.10.05"]
[SourceVersion "1"]
[SourceVersionDate "2022.10.05"]
[SourceQuality "1"]
[WhiteTeam "Ceske Budejovice (U18)"]
[BlackTeam "Klatovy (U18)"]
[WhiteTeamCountry "CZE"]
[BlackTeamCountry "CZE"]

1. e4 e5 2. Nf3 Nc6 3. Bc4 Bc5 4. 0-0 Nf6 5. d4 Bxd4 6. Nxd4 Nxd4 7. f4 d6 8. fxe5 dxe5 9. Bg5 Be6 10. Na3 Qe7 11. c3 Bxc4 12. Nxc4 Ne6 13. Bxf6 gxf6 14. b3 Rd8 15. Qf3 Nf4 16. Rad1 Rg8 17. g3 Nh3+ 18. Kg2 Ng5 19. Rxd8+ Qxd8 20. Qxf6 Qxf6 21. Rxf6 Nxe4 22. Rf3 f6 23. h4 Ke7 24. Ne3 Ke6 25. c4 c6 26. Kh3 Rd8 27. Nf1 Nd2 28. Nxd2 Rxd2 29. a3 f5 30. h5 h6 31. a4 e4 32. Re3 Ke5 33. Re1 Rd3 34. Kh4 Rxb3 35. g4 f4 36. g5 hxg5+ 37. Kxg5 Rg3+ 38. Kh4 Rg8 39. h6 f3 40. Rh1 Kf4 41. Kh5 e3 42. h7 Rh8 43. Kg6 e2 44. Kg7 Rxh7+ 45. Kxh7 f2 0-1

[Event "EU-ch U12 Girls 26th"]
[Site "Prague"]
[Date "2016.08.27"]
[Round "9"]
[White "Rolinkova, Lucie"]
[Black "Scarpa, Alessandra"]
[Result "1-0"]
[WhiteElo "1274"]
[BlackElo "1492"]
[PlyCount "109"]
[EventDate "2016.08.18"]
[EventType "swiss"]
[EventRounds "9"]
[EventCountry "CZE"]
[SourceTitle "CBM 174 Extra"]
[Source "ChessBase"]
[SourceDate "2016.10.10"]
[SourceVersion "1"]
[SourceVersionDate "2016.10.10"]
[SourceQuality "1"]

1. e4 c6 2. d4 d5 3. exd5 cxd5 4. c4 Nf6 5. cxd5 Nxd5 6. Nc3 Nxc3 7. bxc3 g6 8. Rb1 Bg7 9. Bf4 0-0 10. Nf3 Nd7 11. g3 Re8 12. Be2 Nf6 13. Bb5 Bd7 14. Bc4 b6 15. 0-0 Qc8 16. Qb3 e6 17. Ne5 Re7 18. Bg5 h6 19. Bxf6 Bxf6 20. f4 Bg7 21. a4 Qe8 22. Bb5 Bxe5 23. fxe5 Rc8 24. c4 Bxb5 25. axb5 Rec7 26. Rfc1 Qd7 27. Rd1 Qe7 28. h4 h5 29. Kh1 Qe8 30. Rd2 Qe7 31. Rc2 Kf8 32. Rbb2 Rd7 33. Qc3 Rdc7 34. Qb4 Qxb4 35. Rxb4 Ke7 36. Kg2 Ke8 37. Kf3 Kf8 38. Ke4 Ke7 39. Ra4 Ke8 40. Kd3 Kd8 41. Rc3 Ke8 42. Kc2 Kd8 43. Kb3 Ke8 44. Kb4 Rd8 45. Rd3 Ke7 46. Kc3 Ke8 47. Kb4 Ke7 48. Raa3 Rcd7 49. Rd1 Rc8 50. Ra4 Ra8 51. Rda1 Rc7 52. c5 Ke8 53. c6 Ke7 54. Ra6 Ke8 55. Rxb6 1-0

[Event "EU-ch U12 Girls 26th"]
[Site "Prague"]
[Date "2016.08.22"]
[Round "5"]
[White "Rolinkova, Lucie"]
[Black "Djordjevic, Nevena"]
[Result "1-0"]
[WhiteElo "1274"]
[BlackElo "1431"]
[PlyCount "105"]
[EventDate "2016.08.18"]
[EventType "swiss"]
[EventRounds "9"]
[EventCountry "CZE"]
[SourceTitle "CBM 174 Extra"]
[Source "ChessBase"]
[SourceDate "2016.10.10"]
[SourceVersion "1"]
[SourceVersionDate "2016.10.10"]
[SourceQuality "1"]

1. e4 e5 2. Nf3 Nc6 3. Bc4 Be7 4. d4 d6 5. dxe5 dxe5 6. Qxd8+ Bxd8 7. 0-0 f6 8. Nc3 Nge7 9. Be3 Na5 10. Be2 Be6 11. b3 0-0 12. Rad1 Nac6 13. a3 a6 14. Nd5 Rc8 15. Bc5 Re8 16. a4 Bf7 17. c4 Nb8 18. Rd2 b6 19. Ba3 c6 20. Bxe7 cxd5 21. Bxd8 Rexd8 22. exd5 Rc5 23. b4 Rcc8 24. Rc1 b5 25. axb5 axb5 26. c5 Bxd5 27. Bxb5 Nc6 28. Ba6 Ra8 29. Bb7 Rab8 30. b5 Nd4 31. Bxd5+ Rxd5 32. Nxd4 exd4 33. b6 Rdd8 34. c6 Rxb6 35. c7 Rc8 36. Rxd4 Kf7 37. Rd8 Rbb8 38. Rdd1 Rb7 39. Rd7+ Kg6 40. f3 Ra7 41. Kf2 f5 42. Ke3 Kf6 43. Kd4 Ra5 44. Rc6+ Kg5 45. Rxg7+ Kf4 46. Rxh7 Ra4+ 47. Rc4 Ra7 48. Kd5+ Kg5 49. Rf7 Kg6 50. Ke6 Re8+ 51. Re7 Ra6+ 52. Kd7 Raa8 53. Rxe8 1-0

[Event "EU-ch U12 Girls 26th"]
[Site "Prague"]
[Date "2016.08.18"]
[Round "1"]
[White "Marcinczyk, Monika"]
[Black "Rolinkova, Lucie"]
[Result "1-0"]
[WhiteElo "1609"]
[BlackElo "1274"]
[PlyCount "61"]
[EventDate "2016.08.18"]
[EventType "swiss"]
[EventRounds "9"]
[EventCountry "CZE"]
[SourceTitle "CBM 174 Extra"]
[Source "ChessBase"]
[SourceDate "2016.10.10"]
[SourceVersion "1"]
[SourceVersionDate "2016.10.10"]
[SourceQuality "1"]

1. e4 d5 2. exd5 Qxd5 3. Nc3 Qa5 4. d4 e5 5. dxe5 Qxe5+ 6. Be2 Bb4 7. Bd2 Nf6 8. Nf3 Qe7 9. 0-0 0-0 10. Bg5 Nc6 11. Nd5 Qd8 12. Nxf6+ gxf6 13. Qxd8 Rxd8 14. Bxf6 Rd6 15. Bg5 Rg6 16. Bd3 Re6 17. Rad1 Ne5 18. Nxe5 Rxe5 19. Bf4 Re7 20. c3 Ba5 21. a4 c6 22. Rfe1 Rxe1+ 23. Rxe1 Be6 24. Re3 Rd8 25. b4 Bb6 26. Rg3+ Kf8 27. a5 Bf5 28. Bf1 Bxa5 29. bxa5 Rd1 30. Re3 f6 31. f3 1-0

[Event "Tabor op"]
[Site "Tabor"]
[Date "2013.07.30"]
[Round "4"]
[White "Rolinkova, Lucie"]
[Black "Skorepa, Jakub"]
[Result "0-1"]
[WhiteElo "1100"]
[BlackElo "1755"]
[PlyCount "22"]
[EventDate "2013.07.28"]
[EventType "swiss"]
[EventRounds "9"]
[EventCountry "CZE"]
[SourceTitle "CBM 155 Extra"]
[Source "ChessBase"]
[SourceDate "2013.08.26"]
[SourceVersion "1"]
[SourceVersionDate "2013.08.26"]
[SourceQuality "1"]

1. e4 Nc6 2. Nf3 d5 3. Nc3 dxe4 4. Nxe4 Bf5 5. Bd3 e6 6. b3 Nf6 7. Nxf6+ Qxf6 8. Rb1 Bxd3 9. Bb2 Qg6 10. Ne5 Qe4+ 11. Qe2 Qxe2# 0-1

[Event "Tabor op"]
[Site "Tabor"]
[Date "2013.07.28"]
[Round "1"]
[White "Rolinkova, Lucie"]
[Black "Hlavsa, Filip"]
[Result "0-1"]
[WhiteElo "1100"]
[BlackElo "1881"]
[PlyCount "82"]
[EventDate "2013.07.28"]
[EventType "swiss"]
[EventRounds "9"]
[EventCountry "CZE"]
[SourceTitle "CBM 155 Extra"]
[Source "ChessBase"]
[SourceDate "2013.08.26"]
[SourceVersion "1"]
[SourceVersionDate "2013.08.26"]
[SourceQuality "1"]

1. e4 c5 2. Nf3 d6 3. d4 cxd4 4. Nxd4 Nf6 5. Nc3 a6 6. f3 e6 7. Bg5 Be7 8. Bd3 Qa5 9. Bh4 Nc6 10. Nxc6 bxc6 11. Qd2 Rb8 12. b3 d5 13. e5 Bb4 14. 0-0 Bxc3 15. Qf4 Qc7 16. Bxf6 gxf6 17. Qxf6 Bxe5 18. Qh4 Bxa1 19. Rxa1 Qe5 20. Re1 Qg7 21. Qf4 Ra8 22. h3 c5 23. Qa4+ Bd7 24. Qa5 Qg3 25. Rf1 0-0 26. Qxc5 Bb5 27. Bxb5 axb5 28. Qxb5 Rxa2 29. Qe2 Rc8 30. Rc1 Qf4 31. Qd1 Rca8 32. Kf2 d4 33. g3 Qe3+ 34. Kg2 Rb2 35. g4 Raa2 36. Kg3 d3 37. h4 d2 38. Rb1 Rxb1 39. Qxb1 Qe1+ 40. Qxe1 dxe1Q+ 41. Kf4 Rxc2 0-1